Kvalita života domácností z pohľadu ich daňového zaťaženia

Na to, aby jedinec mohol uspokojovať svoje potreby, musí vlastniť isté množstvo finančných prostriedkov, ktoré získava predovšetkým realizáciou rôznych ekonomických aktivít. Na výšku týchto zdrojov v podstatnej miere vplýva politika daňových sadzieb, ktoré znižujú úroveň disponibilných príjmov všetk...

Ausführliche Beschreibung

Gespeichert in:
Bibliographische Detailangaben
1. Verfasser: Brinčíková, Zuzana, 1979-
Format: Buchkapitel
Sprache:Slowakisch
Schlagworte:
Tags: Tag hinzufügen
Keine Tags, Fügen Sie das erste Tag hinzu!

MARC

LEADER 00000nla a2200000 4500
001 0179315
005 20240502073039.7
041 0 |a slo 
044 |a SK 
245 1 0 |a Kvalita života domácností z pohľadu ich daňového zaťaženia  |c Zuzana Brinčíková 
520 |a Na to, aby jedinec mohol uspokojovať svoje potreby, musí vlastniť isté množstvo finančných prostriedkov, ktoré získava predovšetkým realizáciou rôznych ekonomických aktivít. Na výšku týchto zdrojov v podstatnej miere vplýva politika daňových sadzieb, ktoré znižujú úroveň disponibilných príjmov všetkých subjektov. Medzi kvalitou života a daňovým zaťažením preto existuje veľmi úzka vzájomná prepojenosť. 
610 2 0 |a kvalita života 
610 2 0 |a dane 
610 2 0 |a zaťaženie daňové 
610 2 0 |a Európska únia 
100 1 |a Brinčíková, Zuzana, 1979-